The origin of cosmic rays (Record no. 4287)
[ view plain ]
| 000 -LEADER | |
|---|---|
| fixed length control field | 00545nam a2200193Ia 4500 |
| 003 - CONTROL NUMBER IDENTIFIER | |
| control field | IN-BaIIA |
| 008 - FIXED-LENGTH DATA ELEMENTS--GENERAL INFORMATION | |
| fixed length control field | 211028s9999 xx 000 0 eng d |
| 020 ## - INTERNATIONAL STANDARD BOOK NUMBER | |
| International Standard Book Number | 08-013526-9 |
| 040 ## - CATALOGING SOURCE | |
| Transcribing agency | IIA Library |
| 080 ## - UNIVERSAL DECIMAL CLASSIFICATION NUMBER | |
| Universal Decimal Classification number | 524.1-52 |
| Item number | GIN |
| 100 ## - MAIN ENTRY--PERSONAL NAME | |
| Personal name | Ginzburg, V. L |
| 9 (RLIN) | 4051 |
| 245 #4 - TITLE STATEMENT | |
| Title | The origin of cosmic rays |
| Statement of responsibility, etc. | V. L. Ginzburg and S. I. Syrovatskii |
| 260 ## - PUBLICATION, DISTRIBUTION, ETC. | |
| Place of publication, distribution, etc. | Oxford |
| Name of publisher, distributor, etc. | Pergamon Press |
| Date of publication, distribution, etc. | 1964 |
| 300 ## - PHYSICAL DESCRIPTION | |
| Extent | xviii, 425p. |
| 650 ## - SUBJECT ADDED ENTRY--TOPICAL TERM | |
| Topical term or geographic name entry element | Astronomy and astrophysics thesaurus |
| 650 ## - SUBJECT ADDED ENTRY--TOPICAL TERM | |
| Topical term or geographic name entry element | Cosmic rays |
| 700 ## - ADDED ENTRY--PERSONAL NAME | |
| Personal name | Syrovatskii, S. I. |
| 9 (RLIN) | 6823 |
| 942 ## - ADDED ENTRY ELEMENTS (KOHA) | |
| Koha item type | Books |
| Withdrawn status | Lost status | Damaged status | Not for loan | Home library | Current library | Shelving location | Date acquired | Cost, normal purchase price | Total Checkouts | Total Renewals | Full call number | Barcode | Date last seen | Date last checked out | Cost, replacement price | Price effective from | Koha item type | Purchase Price |
|---|---|---|---|---|---|---|---|---|---|---|---|---|---|---|---|---|---|---|
| IIA Library-Bangalore | IIA Library-Bangalore | General Stacks | 10/09/1973 | 54.00 | 2 | 2 | 524.1-52/ GIN | 4786 | 20/03/2023 | 20/03/2023 | 54.00 | 10/09/1973 | Books | Rs. 54.00 |